Italian Language Colors - Statistics

General Stats
  • This quiz has been taken 107 times
  • The average score is 12 of 15
Answer Stats
Hint Answer % Correct
blue blu
94%
white bianca
91%
gray grigio
88%
black nero
88%
pink rosa
88%
green verde
88%
brown marrone
85%
turquoise turchese
85%
orange arancione
82%
golden dorato
82%
purple porpora
82%
silver argentato
76%
yellow giallo
76%
red rossa
76%
teal verde acqua
70%
No matching quizzes found
Score Distribution
Percent of People with Each Score
Percentile by Number Answered
Your Score History
You have not taken this quiz